01166nas a2200265Ia 4500001001100000003000900011008004100020040001300061040001300074041001300087100004600100210002300146222002300169245015200192250001100344260002900355501008600384300001800470362003300488500007900521650005900600942000700659999001900666952021500685R811/50434IT-RoPAU151124c99999999xx |||||||||||| ||und|| aIT-RoPAU cIT-RoPAU aITALIANO aGuccini GerardogCodice Aut. SPICS: 24226 aQUADERNI DI TEATRO aQuaderni Di Teatro aQUADERNI DI TEATRO, ANNO 05-N.20 (MAGGIO 1983)bQuattro Figlie di Dio Nel Laudario Jacoponico (Le). "Dramatis Personae" O Strutturazione Liturgica? a1a ed. aFIRENZEbVALLECCHIc1983 bPaulus - SPICS - Società San Paolo EM (non-commercial uses only)cCopyright2015 a13 p. [74-86] aANNO 005, N.20 (MAGGIO 1983) aAnalisi della Drammaturgia De Donna De Paradiso di Jacopone. Meditationes. aTEATRO - DANZA - DRAMMATURGIAvPUBBLICAZIONE PERIODICA cCR c119124d119124 0010406R_811_50434000000000071aSPICSbSPICSd2015-11-25l0oR811/50434r2015-11-25 00:00:00w2015-11-25yCRzProgr. Ins: 96028 / Copia rara: NO / date import: 25.11.2015 / By Epidotti, Trombetti, Vaglietti